Central Library OPAC University of Rajshahi

Moving towards change : (Record no. 4206)

MARC details
000 -LEADER
fixed length control field 00665cam a2200241 i 4500
001 - CONTROL NUMBER
control field 4206
003 - CONTROL NUMBER IDENTIFIER
rucl marc code BD-RjUL
005 - DATE AND TIME OF LATEST TRANSACTION
control field 20211208233842.0
008 - FIXED-LENGTH DATA ELEMENTS--GENERAL INFORMATION
fixed length control field 160727s1976 fr i000 0 eng
020 ## - INTERNATIONAL STANDARD BOOK NUMBER
International Standard Book Number 9231013653
035 ## - SYSTEM CONTROL NUMBER
System control number (BD-RjUL)4240
040 ## - CATALOGING SOURCE
Original cataloging agency DLC
Transcribing agency DLC
Modifying agency DLC
Language of cataloging eng
041 ## - LANGUAGE CODE
Language code of text/sound track or separate title eng
082 00 - DEWEY DECIMAL CLASSIFICATION NUMBER
Classification number 338.91
Edition number 16
Author mark and year MOV 1976
110 2# - MAIN ENTRY--CORPORATE NAME
Corporate name or jurisdiction name as entry element Unesco.
9 (RLIN) 139477
245 10 - TITLE STATEMENT
Title Moving towards change :
Remainder of title some thoughts on the new international economic order /
260 ## - PUBLICATION, DISTRIBUTION, ETC. (IMPRINT)
Place of publication, distribution, etc. Paris :
Name of publisher, distributor, etc. Unesco,
Date of publication, distribution, etc. 1976.
300 ## - PHYSICAL DESCRIPTION
Pagination 137 p. ;
Size 22 cm.
526 ## - STUDY PROGRAM INFORMATION NOTE
Requested Dept. Sociology
650 #0 - SUBJECT ADDED ENTRY--TOPICAL TERM
Topical term or geographic name as entry element International economic relations.
9 (RLIN) 13334
942 ## - ADDED ENTRY ELEMENTS (KOHA)
Source of classification or shelving scheme Dewey Decimal Classification
Koha item type Books
Holdings
Lost status Source of classification or shelving scheme Damaged status Not for loan Collection code Permanent Location Current Location Shelving location Date acquired Source of acquisition Total Checkouts Full call number Date last seen Copy number Koha item type
  Dewey Decimal Classification   Not For Loan Non-fiction Central Library, University of Rajshahi Central Library, University of Rajshahi Reading Room 05/06/1982 Unesco gift   338.91 MOV 1976 22/12/2013 C-1 Books